Movies Quiz

Random Movies or Actor Quiz
Score 0/25 Timer 07:00
2 Plays Today
% Correct
Tim Allen
88%
Julie Andrews
87.7%
Dan Aykroyd
87.1%
Jennifer Aniston
86.1%
Ben Affleck
83.9%
Rowan Atkinson
83.5%
Sean Astin
81.2%
Jessica Alba
79.6%
Woody Allen
78.3%
Kirstie Alley
71.7%
David Arquette
68.8%
Casey Affleck
67.9%
Fred Astaire
66.3%
% Correct
Tom Arnold
59.6%
Alan Arkin
58.5%
Amy Adams
56%
F. Murray Abraham
55.8%
Gemma Arterton
54%
Hank Azaria
53.8%
Patricia Arquette
52.9%
Danny Aiello
48.7%
Anthony Anderson
48.2%
Alan Alda
40.6%
Joan Allen
38.8%
Jean Arthur
36.6%
Remove Ads.
Support Sporcle.
Get the best of Sporcle when you Go Orange. This ad-free experience offers more features, more stats, and more fun while also helping to support Sporcle. Thank you for becoming a member.

You're not logged in!

Compare scores with friends on all Sporcle quizzes.
OR
Log In

Show Comments

Extras

Top Quizzes Today


Score Distribution

Your Account Isn't Verified!

In order to create a playlist on Sporcle, you need to verify the email address you used during registration. Go to your Sporcle Settings to finish the process.

Report this User

Report this user for behavior that violates our Community Guidelines.

Details: